MARC

LEADER 00000nam0a2200000 4500
001 365798
005 20231102011823.0
035 |a (RuTPU)RU\TPU\retro\23161 
090 |a 365798 
100 |a 20220120d1981 m y0rusy50 ca 
101 0 |a rus 
102 |a BY 
105 |a a z 001zy 
200 1 |a Движение, дыхание, психофизическая тренировка  |f К. В. Динейка 
210 |a Минск  |c Полымя  |d 1981 
215 |a 144 с.  |c ил. 
320 |a Библиогр.: с. 142 
606 1 |a Гигиена спортивная  |2 stltpush  |3 (RuTPU)RU\TPU\subj\6454  |9 34336 
606 1 |a Здоровый образ жизни  |x Психология  |2 stltpush  |3 (RuTPU)RU\TPU\subj\11670  |9 38586 
610 1 |a дыхание 
610 1 |a релаксация 
610 1 |a индивидуальный образ жизни 
610 1 |a ежедневная гимнастика 
610 1 |a самообновление 
610 1 |a общение 
610 1 |a массаж 
610 1 |a здоровье 
610 1 |a сохранение 
610 1 |a восстановление 
610 1 |a психофизические тренировки 
675 |a 613.7  |v 4 
686 |a Ю952  |2 rubbk 
700 1 |a Динейка  |b К. В.  |g Каролис Винцевич 
801 1 |a RU  |b 63413507  |c 20220120 
942 |c BK